| 000 | 00492nam a2200181Ia 4500 | ||
|---|---|---|---|
| 005 | 20250508153246.0 | ||
| 008 | 008 250505s9999 xx 000 0 eng d | ||
| 037 | _aTextual | ||
| 040 |
_aFEDL _beng _cFEDL |
||
| 041 |
_aeng _2eng |
||
| 084 |
_a707, GAI _qFEDL |
||
| 100 |
_aGaitskell C D _9763550 |
||
| 245 | 0 | _aArt and crafts in our schools | |
| 260 |
_aPeoria _bChas A Bennett Company _c1949 |
||
| 300 | _aix,62p. | ||
| 942 |
_cTEXL _h707, GAI |
||
| 999 |
_c1341578 _d1341578 |
||